Notice sur les eaux minérales de Lamalou-le-Centre. (Record no. 182188)

MARC details
000 -LEADER
campo de control de longitud fija 00467nam a2200145 i 4500
001 - NÚMERO DE CONTROL
campo de control 182188
003 - IDENTIFICADOR DE NÚMERO DE CONTROL
campo de control ES-MaACL
005 - FECHA Y HORA DE LA ÚLTIMA TRANSACCIÓN
campo de control 20230906221542.0
008 - DATOS DE LONGITUD FIJA--INFORMACIÓN GENERAL
campo de control de longitud fija 130624s1882 fr |||| | fre d
245 00 - MENCIÓN DEL TÍTULO
Título Notice sur les eaux minérales de Lamalou-le-Centre.
260 ## - PUBLICACIÓN, DISTRIBUCIÓN, ETC.
Lugar de publicación, distribución, etc. Pau :
Nombre del editor, distribuidor, etc. [s.n.],
Fecha de publicación, distribución, etc. 1882 (
Fabricante Imprimerie administrative et commerciale A. Menetière,)
300 ## - DESCRIPCIÓN FÍSICA
Extensión 46 p. ;
Dimensiones 20 cm.
650 #4 - PUNTO DE ACCESO ADICIONAL DE MATERIA--TÉRMINO DE MATERIA
Término de materia o nombre geográfico como elemento de entrada Aguas minerales-
Subdivisión geográfica Francia.
9 (RLIN) 135524
852 ## - LOCALIZACIÓN
Ubicación ES-MaACL
Número de control de estantería T-470-F-5
Holdings
Estatus retirado Estado de pérdida Estado de daño No para préstamo Colección Biblioteca de origen Biblioteca actual Ubicación en estantería Fecha de adquisición Fuente de adquisición Total de préstamos Signatura topográfica completa Código de barras Visto por última vez Precio de reemplazo Tipo de ítem Koha
        Colección de folletos Biblioteca del Ateneo de Madrid Biblioteca del Ateneo de Madrid Depósito folletos 24/06/2013     T-470-F-5 1191458 23/02/2023 23/02/2023 Folleto